00529nam a2200145Ia 4500008004100000245006400041260003700105260000900142300000600151650002600157650001200183856009600195999001900291952007300310170516s9999 xx 000 0 und d aCT findings of severe dengue fever in the chest and abdomen bRadiology of Infectious Diseases c2015 a: xRadiologic Technology xRadtech uhttps://www.journals.elsevier.com/radiology-of-infectious-diseases/most-downloaded-articles c332303d332303 001040aCLbCLd2017-05-16l0r2017-05-16 00:00:00w2017-05-16yFOJ